000 00623nam a2200277Ia 4500
005 20260401122433.0
008 008 250103s9999 xx 000 0 eng d
020 _a9780470656044
037 _aTB
040 _aEDL
040 _beng
040 _cEDL
041 _2eng
041 _aeng
084 _a820.9DEM
084 _qEDL
245 0 _aCompanion to British literature: Medieval literature 700-1450
260 _aWest Sussex, U.K
260 _bWiley Blackwell
260 _c2014
300 _a458p
942 _cTB
942 _h820.9DEM
999 _c1847271
_d1847271